00957 2200301 4500001002100000005001500021035002000036008004100056100002900097245011400126300003700240020002200277082001300299084002200312090001200334250001500346264003600361336002100397337003000418338002300448490002600471650004200497700003700539700002900576990001800605990001600623990001600639INLIS00000000001758020240829081306 a0010-0619017580240829 a 1 ind  aIstyanti Dining Surviani1 aAku Sayang Rasulullah /cIstyanti Dining Surviani; penyunting, Ana Puspita Dewiyana; ilustrator, Ade Prihatna a28 halaman :bilustrasi ;c18 cm a978-979-26-9369-0 a899.2213 aSR 899.2213 IST a 99.221.3 aCetakan 12 aBandung :bPelangi Mizan,c2022 2rdacontentaTeks 2rdamediaaTanpa perantara 2rdacarrieraVolume aHalo balita spiritual 4aFiksi Indonesia -- Bacaan kanak-kanak0 aAna Puspita Dewiyanaepenyunting0 aAde Prihatnaeilustrator a022239.036406 a53268.66088 a53269.66089